[Event "Rouen op 9th"]
[Site "Rouen"]
[Date "2016.12.20"]
[Round "6"]
[White "Serano, Vincent"]
[Black "Zinoun, Said"]
[Result "1-0"]
[WhiteElo "1705"]
[BlackElo "1458"]
[PlyCount "61"]
[EventDate "2016.12.17"]
[EventType "swiss"]
[EventRounds "7"]
[EventCountry "FRA"]
[SourceTitle "CBM 176 Extra"]
[Source "ChessBase"]
[SourceDate "2017.03.02"]
[SourceVersion "1"]
[SourceVersionDate "2017.03.02"]
[SourceQuality "1"]

1. e4 d6 2. f4 g6 3. Nf3 Bg7 4. c3 Bg4 5. d4 Nd7 6. Be3 Ngf6 7. Bd3 e5 8. fxe5 dxe5 9. d5 0-0 10. Nbd2 Qe7 11. 0-0 Ne8 12. Qc2 c6 13. dxc6 bxc6 14. Rae1 Nef6 15. Kh1 Rfd8 16. b4 h6 17. Nb3 Bxf3 18. Rxf3 Ng4 19. Bg1 h5 20. Bc4 Ndf6 21. Ref1 Bh6 22. h3 Bf4 23. hxg4 hxg4 24. Rxf4 exf4 25. Rxf4 Kg7 26. Bd4 Rxd4 27. Nxd4 Rh8+ 28. Kg1 Qc7 29. Qf2 g3 30. Qxg3 Qd6 31. Nf5+ 1-0

[Event "Rouen op 9th"]
[Site "Rouen"]
[Date "2016.12.17"]
[Round "1"]
[White "Zinoun, Said"]
[Black "Hameau, Cyril"]
[Result "0-1"]
[WhiteElo "1458"]
[BlackElo "1879"]
[PlyCount "46"]
[EventDate "2016.12.17"]
[EventType "swiss"]
[EventRounds "7"]
[EventCountry "FRA"]
[SourceTitle "CBM 176 Extra"]
[Source "ChessBase"]
[SourceDate "2017.03.02"]
[SourceVersion "1"]
[SourceVersionDate "2017.03.02"]
[SourceQuality "1"]

1. e4 Nf6 2. Nc3 d5 3. exd5 Nxd5 4. Nxd5 Qxd5 5. d4 Nc6 6. Be3 Bf5 7. c3 0-0-0 8. c4 Qa5+ 9. Bd2 Qb6 10. Nf3 Nxd4 11. Nxd4 Rxd4 12. Qf3 e6 13. a3 Rxd2 14. Be2 h5 15. h3 g5 16. Qc3 Qxb2 17. Qxd2 Qxa1+ 18. Bd1 Be7 19. 0-0 Rd8 20. Qa5 Rxd1 21. Rxd1 Qxd1+ 22. Kh2 Bd6+ 23. g3 Be4 0-1

[Event "Marrakesh op 1st"]
[Site "Marrakesh"]
[Date "2010.06.26"]
[Round "1"]
[White "Zinoun, Said"]
[Black "Doncea, Vladimir"]
[Result "0-1"]
[WhiteElo "1619"]
[BlackElo "2465"]
[PlyCount "108"]
[EventDate "2010.06.26"]
[EventType "swiss"]
[EventRounds "9"]
[EventCountry "MAR"]
[SourceTitle "CBM 137 Extra"]
[Source "ChessBase"]
[SourceDate "2010.09.01"]
[SourceVersion "1"]
[SourceVersionDate "2010.09.01"]
[SourceQuality "1"]

1. e4 c5 2. Nf3 e6 3. d4 cxd4 4. Nxd4 Nc6 5. Be2 Nf6 6. Bg5 Qa5+ 7. Bd2 Qc7 8. Nxc6 bxc6 9. Nc3 d5 10. exd5 cxd5 11. 0-0 Be7 12. Nb5 Qb8 13. f4 0-0 14. Bc3 Ne4 15. Be5 Qb6+ 16. Bd4 Bc5 17. c3 Bd7 18. a4 a6 19. a5 Qb8 20. Bxc5 Nxc5 21. b4 Ne4 22. Nd4 Nxc3 23. Qc2 Qxb4 24. Nf3 Nxe2+ 25. Qxe2 Bb5 26. Qe1 Qxe1 27. Rfxe1 Rfc8 28. Nd4 Rc4 29. Ne2 Rac8 30. g3 h5 31. Kf2 Rc2 32. Ke3 Bxe2 33. Rxe2 R8c3+ 34. Kf2 Kf8 35. Rb1 Rxe2+ 36. Kxe2 Ra3 37. Rb8+ Ke7 38. Rb7+ Kf6 39. Ra7 Rxa5 40. Ke3 Ra2 41. h3 Ra3+ 42. Kf2 h4 43. g4 a5 44. Kg2 a4 45. Kh2 Ra2+ 46. Kg1 a3 47. Kf1 d4 48. Ke1 d3 49. Kd1 Ra1+ 50. Kd2 a2 51. Kxd3 Rd1+ 52. Kc2 a1Q 53. Rxa1 Rxa1 54. Kb2 Rh1 0-1

[Event "Malaga op 13th"]
[Site "Malaga"]
[Date "2010.02.24"]
[Round "6"]
[White "Molina Mataran, Manuel"]
[Black "Zinoun, Said"]
[Result "1-0"]
[WhiteElo "1962"]
[BlackElo "1627"]
[PlyCount "49"]
[EventDate "2010.02.20"]
[EventType "swiss"]
[EventRounds "9"]
[EventCountry "ESP"]
[SourceTitle "CBM 135 Extra"]
[Source "ChessBase"]
[SourceDate "2010.05.04"]
[SourceVersion "1"]
[SourceVersionDate "2010.05.04"]
[SourceQuality "1"]

1. e4 e6 2. d4 d5 3. exd5 exd5 4. c4 c6 5. cxd5 cxd5 6. Nf3 Nf6 7. Bb5+ Bd7 8. Bxd7+ Nbxd7 9. 0-0 Be7 10. Nc3 0-0 11. Bg5 Nb6 12. Rc1 a6 13. Qb3 h6 14. Bh4 Kh8 15. Rfe1 Re8 16. Bxf6 gxf6 17. Nh4 Nc4 18. Nf5 Nd2 19. Qd1 Ne4 20. Nxe4 dxe4 21. Qh5 Bf8 22. Nxh6 Bxh6 23. Qxh6+ Kg8 24. Re3 Qd5 25. Rh3 1-0

[Event "Malaga op 13th"]
[Site "Malaga"]
[Date "2010.02.21"]
[Round "2"]
[White "Zinoun, Said"]
[Black "Navia Martin, Sergio"]
[Result "0-1"]
[WhiteElo "1627"]
[BlackElo "1953"]
[PlyCount "64"]
[EventDate "2010.02.20"]
[EventType "swiss"]
[EventRounds "9"]
[EventCountry "ESP"]
[SourceTitle "CBM 135 Extra"]
[Source "ChessBase"]
[SourceDate "2010.05.04"]
[SourceVersion "1"]
[SourceVersionDate "2010.05.04"]
[SourceQuality "1"]

1. e4 c5 2. Nc3 d6 3. d3 g6 4. g3 Bg7 5. Bg2 e6 6. Nge2 Ne7 7. 0-0 Nbc6 8. h3 0-0 9. g4 f5 10. Bf4 e5 11. Bg5 fxg4 12. hxg4 Bxg4 13. f3 Be6 14. Qd2 Qd7 15. Bh6 Bh3 16. Bxg7 Kxg7 17. Qg5 h6 18. Qh4 Bxg2 19. Kxg2 g5 20. Qh5 Rf6 21. Ng3 Ng6 22. Nd5 Nh4+ 23. Kh2 Rg6 24. Ne3 Ne7 25. Rf2 Rf8 26. Raf1 Rf4 27. Ng4 Ng8 28. Nf5+ Nxf5 29. exf5 Qxf5 30. Kg2 Nf6 31. Nxf6 Qxf6 32. Qh3 g4 0-1